00757nam a2200205 4500003001100000005001700011008004100028020001500069040003900084041000800123082001500131100001900146130009500165245005100260260003900311300004200350490006100392650004700453650005100500LK-CoMWRAF20231213110128.0231213b2001 |||||||| |||| 00| 0 eng d a9555820228 aLK-CoMWRAFdLK-CoMWRAFeLK-CoMWRAF aeng a303.6bKAN aKandiah, Thiru aA history of ethnic conflict in Sri Lanka: recollection, reinterpretation & reconciliation aThe media and the ethnic conflict in Sri Lanka aColombo: bMarga Institute, c2001 a45 p. ; 23 cm bBibliography included aMarga monograph series on ethnic reconciliation vno. 19 aEthnic conflict- Press coverage- Sri Lanka aEthnic relations- Political aspects- Sri Lanka